|
|
|
|
| LEADER |
01708nam/a2200277/a/4500 |
| 001 |
0018007 |
| 003 |
BD-DhAAL |
| 008 |
090330s2005 enka b 001 0 eng d |
| 010 |
|
|
|a 2005047075
|
| 020 |
|
|
|a 9780521837163
|
| 020 |
|
|
|a 9780521684545
|
| 040 |
|
|
|a DLC
|c DLC
|d DLC
|d BD-DhAAL
|
| 082 |
0 |
0 |
|a 621.382
|2 22
|
| 100 |
1 |
|
|a Goldsmith, Andrea,
|d 1964-
|9 31441
|
| 245 |
1 |
0 |
|a Wireless communications /
|c Andrea Goldsmith.
|
| 260 |
|
|
|a Cambridge ;
|a New York :
|b Cambridge University Press,
|c 2005.
|
| 300 |
|
|
|a xxviii, 644 pages :
|b illustrations ;
|c 26 cm
|
| 504 |
|
|
|a Includes bibiographical references and index.
|
| 526 |
|
|
|a EEE
|x Md Sayeed Salam
Department of Electrical and Electronic Engineering
BRAC University
Course Name : Cellular Mobile Communication (EEE 511)
|
| 541 |
1 |
|
|a D. S. Books International
|e 0018007, 0018008
|
| 650 |
|
0 |
|a Wireless communication systems.
|9 31442
|
| 852 |
4 |
|
|a Ayesha Abed Library
|c General Stacks
|
| 942 |
0 |
0 |
|0 1
|2 ddc
|c BK
|
| 999 |
|
|
|c 47
|d 47
|
| 952 |
|
|
|0 0
|1 0
|2 ddc
|4 0
|6 621_382000000000000_GOL_2005
|7 0
|9 43
|a BRACUL
|b BRACUL
|c GEN
|d 2009-04-28
|e D. S. Books International
|l 0
|o 621.382 GOL
|p 3010018007
|r 2009-04-28
|t 1
|w 2009-04-28
|y BK
|x Requisitioned by Md Sayeed Salam (Department of Electrical and Electronic Engineering, BRAC University) for the course named-"Cellular Mobile Communication (EEE 511)" ; USD 16.50
|
| 952 |
|
|
|0 0
|1 0
|2 ddc
|4 0
|6 621_382000000000000_GOL_2005
|7 0
|9 8241
|a BRACUL
|b BRACUL
|c GEN
|d 2010-02-17
|e D. S. Books International
|l 6
|m 7
|o 621.382 GOL
|p 3010018008
|r 2026-02-05
|s 2025-10-08
|t 2
|w 2010-02-17
|y BK
|x Requisitioned by Md Sayeed Salam (Department of Electrical and Electronic Engineering, BRAC University) for the course named-"Cellular Mobile Communication (EEE 511)" ; USD 16.50
|